000 00302nam a22001337a 4500
008 170619b xxu||||| |||| 00| 0 eng d
020 _a9780801311703
041 _aeng
080 _22ND
_a32
100 _a20
101 _aSHP
245 _aAMERICAN SOCIAL WELFARE POLICY
_cJACOB,H
942 _2udc
_cBK
999 _c18117
_d18117